Statistics for Norske spillere i Premier League/Norwegian players in Premier League

Click here to take the quiz!

General Stats

  • This quiz has been taken 161 times
  • The average score is 21 of 64

Answer Stats

KamperKlubberAnswer% Correct
321 (17)Liverpool/FulhamJohn Arne Riise
92%
15 (10)FulhamBjørn Helge Riise
89%
235Man Utd.Ole Gunnar Solskjær
87%
181Nottingham/Leeds/ Man CityAlf-Inge Håland
78%
275Blackburn/Man Utd.Henning Berg
71%
74 (12)BournemouthJoshua King
71%
123 (37)Aston Villa/StokeJohn Carew
69%
33Sheffield UnitedJostein Flo
67%
140Chelsea/SunderlandTore Andre Flo
67%
238 (2)Fulham/Crystal PalaceBrede Hangeland
66%
151Man Utd/Aston Villa/NewcastleRonny Johnsen
63%
260 (20)BlackburnMorten Gamst Pedersen
56%
159Tottenham/WolverhamptonSteffen Iversen
54%
11 (1)WimbledonAndreas Lund
52%
290SouthamptonClaus Lundekvam
52%
60TottenhamErik Thorstvedt
52%
162Liverpool/BlackburnStig Inge Bjørnebye
44%
84Swindon/Middlesbrough/BarnsleyJan Åge Fjørtoft
40%
13 (8)CardiffMats Møller Dæhli
40%
24Oldham/Blackburn/WimbledonTore Pedersen
38%
71 (10)NorwichAlexander Tettey
37%
6 (5)CardiffMagnus Wolff Eikrem
37%
1 (1)CardiffJo Inge Berget
35%
186Wimbledon/Liverpool/Tottenham/Aston VillaØyvind Leonhardsen
35%
54LiverpoolVegard Heggem
33%
155Nottingham/Blackburn/DerbyLars Bohinen
31%
15 (9)HullMarkus Henriksen
31%
21Chelsea/TottenhamFrode Grodås
30%
45LiverpoolBjørn Tore Kvarme
29%
143Leeds/Aston VillaEirik Bakke
29%
168Oldham/Leeds/BradfordGunnar Halle
28%
7SouthamptonStig Johansen
28%
2 (1)WiganKristofer Hæstad
27%
93Everton/Sunderland/CharltonThomas Myhre
27%
2Crystal PalaceAlexander Sørloth
25%
22 (9)HullAdama Diomande
23%
24 (9)Wimbledon/BlackburnMartin Andresen
21%
6WimbledonStåle Solbakken
21%
36 (1)WimbledonTrond Andersen
21%
16 (5)West HamHåvard Nordtveit
19%
110 (43)SouthamptonJo Tessem
19%
121Southampton/Blackburn/Man CityEgil Østenstad
18%
25Man Utd/FulhamErik Nevland
18%
1WiganErik Hagen
17%
76Sheffield WednesdayPetter Rudi
16%
6 (6)BoltonDaniel Braaten
14%
114ChelseaErland Johnsen
14%
8 (7)CoventryRunar Normann
14%
1 (1)Manchester CityAbdisalam Ibrahim
13%
24Tottenham/EvertonEspen Baardsen
13%
18LeedsFrank Strandli
13%
15 (8)Crystal PalaceJonathan Parr
13%
25Sheffield United/TottenhamRoger Nilsen
13%
15ArsenalPål Lydersen
12%
6 (3)BurnleyChristian Kalvenes
11%
20 (1)PortsmouthAzar Karadas
10%
17Nottingham ForestJon Olav Hjelde
10%
87Coventry/SouthamptonTrond Egil Soltvedt
10%
12 (2)Derby CountyBjørn Otto Bragstad
8%
2 (1)BurnleyFredrik Ulvestad
8%
15Manchester CityKåre Ingebrigtsen
7%
7Nottingham ForestStåle Stensaas
7%
8 (1)HullOmar Elabdellaoui
6%
7 (4)West HamRagnvald Soma
6%

Score Distribution

Percentile by Number Answered

Percent of People with Each Score

Your Score History

You have not taken this quiz